00701nam a2200193 a 450000100060000000300090000600800410001502000150005604000280007108200230009910000320012224500690015426000520022330000110027550500980028665000290038465000440041365000500045722721CO-ViMGA141112s2004 ck r 000 u spa d a9588060184 aCO-ViMGAbspacCO-ViMGA04aMEVIGACOM.3 B 515s1 aBlanco Rivero, Luis Ernesto10aSimulación con promodel : bCaso de producción y logística aColombia : bEscuela Colombiana de Ingeniería a146 p. aQué es la simulación y para qué sirve? \ Casos de producción \ Casos de logística14aMETODOS DE SIMULACIÓN 14aPRODUCCIÓN - METODOS DE SIMULACIÓN 14aTRANSPORTE DE CARGA - METODOS DE SIMULACIÓN